000 00844nas a2200301 4500
001 BR8002806
003 BR-BrBNA
005 20231205084317.0
007 ta
008 230509b bl.|||p| |||| 00| 00por d
040 _aBR-BrBNA
_bpor
_cBiblioteca Nacional de Agricultura
041 _a(Pt)
072 _aP05
100 1 _aLeitao, D.M.
245 1 _aEnergia: perspectivas brasileiras [Recurso energetico]
_bpt. 1
650 _aRecurso energetico
650 _aEnergia
650 _aCarvao mineral
650 _aPetroleo
650 _aGasolina
650 _aBiomassa
650 _aCombustivel
650 _aEnergia nuclear
650 _aEnergia hidraulica
773 0 _tBrasil Acucareiro (Brazil)
_xISSN 0006-9167
_g(Oct 1980), v. 96(4) p. 6-24
_wBR8002806
909 _a202311
_bLúcia
_c55
_dLúcia Elande
942 _2AGRIS
_n0
_cANA
999 _c104427
_d104427